[Event "New Delhi op 21st"]
[Site "New Delhi"]
[Date "2025.06.07"]
[Round "1"]
[White "Aahil, Patra"]
[Black "Savchenko, Boris"]
[Result "0-1"]
[WhiteElo "1862"]
[BlackElo "2456"]
[PlyCount "84"]
[EventDate "2025.06.07"]
[EventType "swiss"]
[EventRounds "10"]
[EventCountry "IND"]
[SourceTitle "CB26_2025"]
[SourceDate "2025.06.25"]
[SourceVersion "1"]
[SourceVersionDate "2025.06.25"]
[SourceQuality "1"]

1. d4 Nf6 2. c4 e6 3. Nc3 Bb4 4. Qc2 d5 5. cxd5 exd5 6. Bg5 Nbd7 7. e3 c5 8. dxc5 Qa5 9. Bd3 Bxc3+ 10. bxc3 0-0 11. Bxf6 Nxf6 12. Ne2 Bd7 13. 0-0 Rfc8 14. Rab1 Rab8 15. Rb4 Rxc5 16. Rd4 Rbc8 17. Rd1 g6 18. f3 Ne8 19. Qd2 Ba4 20. Rb1 Bc6 21. Rbb4 Qc7 22. Rh4 Qe7 23. Rh6 Nf6 24. a4 Kg7 25. Rhh4 Re8 26. e4 dxe4 27. Bxe4 g5 28. Rh3 Bxe4 29. fxe4 Nxe4 30. Qd4+ Nf6 31. Ng3 Rd5 32. Qf2 Rd1+ 33. Nf1 Ne4 34. Qf5 h6 35. Re3 Nd2 36. Rxe7 Rxe7 37. Rd4 Rxf1+ 38. Qxf1 Nxf1 39. Kxf1 Rc7 40. c4 Rc5 41. h3 b6 42. Ke2 Ra5 0-1

[Event "Kolkata St Xavier College op"]
[Site "Kolkata"]
[Date "2024.08.25"]
[Round "6"]
[White "Aahil, Patra"]
[Black "Debapriya, Manna"]
[Result "1-0"]
[WhiteElo "1593"]
[BlackElo "1694"]
[PlyCount "111"]
[EventDate "2024.08.24"]
[EventType "swiss (rapid)"]
[EventRounds "11"]
[EventCountry "IND"]
[SourceTitle "CBM 221 Extra"]
[Source "ChessBase"]
[SourceDate "2024.09.30"]
[SourceVersion "1"]
[SourceVersionDate "2024.09.30"]
[SourceQuality "1"]

1. d4 d5 2. c4 e6 3. Nf3 c6 4. Nbd2 f5 5. g3 Nf6 6. Bg2 Bd6 7. 0-0 0-0 8. b3 Nbd7 9. Bb2 b6 10. Rc1 Bb7 11. Ne1 Rc8 12. Nd3 c5 13. e3 Qe7 14. Qe2 a6 15. f4 Ne4 16. Nxe4 dxe4 17. Ne5 Bxe5 18. dxe5 Nb8 19. g4 Nc6 20. gxf5 exf5 21. a3 Rcd8 22. Rcd1 Na5 23. Qc2 Qe6 24. Qc3 Nc6 25. Rd6 Rxd6 26. exd6 Qf6 27. Qxf6 gxf6 28. Rd1 Kf7 29. Bh3 Ke6 30. Rd5 Nd4 31. exd4 Bxd5 32. cxd5+ Kxd6 33. Bxf5 Kxd5 34. dxc5 bxc5 35. Bc3 Rb8 36. b4 c4 37. Kf2 Re8 38. Ke3 Kd6 39. Bxf6 Rf8 40. Be5+ Kc6 41. Bxe4+ Kb5 42. Bc2 Rd8 43. f5 Re8 44. Kf4 c3 45. Bd3+ Ka4 46. Bxc3 Kxa3 47. Bxa6 Kb3 48. Be5 Kxb4 49. f6 Kc5 50. Bb7 Rf8 51. Kf5 Kb6 52. Bd5 Kc5 53. Be6 Kc6 54. f7 Kc5 55. Bg7 Rxf7+ 56. Bxf7 1-0

[Event "Kolkata St Xavier College op"]
[Site "Kolkata"]
[Date "2024.08.25"]
[Round "8"]
[White "Aahil, Patra"]
[Black "Subhabrata, Roy"]
[Result "1/2-1/2"]
[WhiteElo "1593"]
[BlackElo "1752"]
[PlyCount "28"]
[EventDate "2024.08.24"]
[EventType "swiss (rapid)"]
[EventRounds "11"]
[EventCountry "IND"]
[SourceTitle "CBM 221 Extra"]
[Source "ChessBase"]
[SourceDate "2024.09.30"]
[SourceVersion "1"]
[SourceVersionDate "2024.09.30"]
[SourceQuality "1"]

1. d4 d5 2. c4 e6 3. Nf3 dxc4 4. g3 c5 5. Bg2 Nc6 6. Na3 cxd4 7. Nxc4 Bb4+ 8. Bd2 Be7 9. 0-0 Nf6 10. Bf4 Nd5 11. Nxd4 Nxf4 12. Nxc6 Qxd1 13. Re1 Qxa1 14. Rxa1 Nxg2 1/2-1/2

[Event "Guwahati Smart City op"]
[Site "Guwahati"]
[Date "2024.07.04"]
[Round "4"]
[White "Aahil, Patra"]
[Black "Anup, Shankar R"]
[Result "0-1"]
[WhiteElo "1822"]
[BlackElo "1939"]
[PlyCount "42"]
[EventDate "2024.07.02"]
[EventType "swiss"]
[EventRounds "10"]
[EventCountry "IND"]
[SourceTitle "CBM 221 Extra"]
[Source "ChessBase"]
[SourceDate "2024.09.30"]
[SourceVersion "1"]
[SourceVersionDate "2024.09.30"]
[SourceQuality "1"]

1. d4 d6 2. Nf3 Nd7 3. c4 e5 4. Nc3 f5 5. e4 f4 6. dxe5 dxe5 7. c5 c6 8. Bc4 Bxc5 9. h4 Qe7 10. Ng5 Ngf6 11. Na4 Bb4+ 12. Nc3 h6 13. Nf3 Nb6 14. Bd3 0-0 15. 0-0 Bd6 16. a4 Bg4 17. Be2 a5 18. g3 fxg3 19. fxg3 Bh3 20. Re1 Bc5+ 21. Kh2 Ng4+ 0-1

[Event "Kolkata DBCA op 5th"]
[Site "Kolkata"]
[Date "2024.04.13"]
[Round "4"]
[White "Srijon, Saha"]
[Black "Aahil, Patra"]
[Result "1/2-1/2"]
[WhiteElo "1888"]
[BlackElo "1768"]
[PlyCount "112"]
[EventDate "2024.04.11"]
[EventType "swiss"]
[EventRounds "9"]
[EventCountry "IND"]
[SourceTitle "CBM 219 Extra"]
[Source "ChessBase"]
[SourceDate "2024.05.31"]
[SourceVersion "1"]
[SourceVersionDate "2024.05.31"]
[SourceQuality "1"]

1. c4 e5 2. Nc3 d6 3. d4 exd4 4. Qxd4 Nc6 5. Qd2 Nf6 6. g3 g6 7. b3 Bg7 8. Bb2 0-0 9. Bg2 Re8 10. Nh3 Bg4 11. Nf4 g5 12. Nh3 h6 13. f3 Bf5 14. 0-0 Qd7 15. Nf2 g4 16. f4 Bh7 17. e4 h5 18. Nd5 Nxd5 19. exd5 Ne7 20. Bxg7 Kxg7 21. Qc3+ f6 22. Rfe1 Bf5 23. Re3 Ng8 24. Rae1 Rxe3 25. Qxe3 Kf7 26. Kf1 b6 27. Be4 Nh6 28. Qd4 Re8 29. Re2 Re7 30. Qd3 Re8 31. b4 a5 32. bxa5 bxa5 33. Nd1 Bxe4 34. Rxe4 Qf5 35. Nc3 h4 36. Qe2 Rxe4 37. Nxe4 hxg3 38. hxg3 Qh5 39. Nf2 Qh2 40. Qd3 Kg7 41. Qc3 a4 42. a3 Nf5 43. Qxf6+ Kxf6 44. Nxg4+ Kg6 45. Nxh2 Nxg3+ 46. Kf2 Ne4+ 47. Ke3 Nc3 48. Nf3 Nb1 49. Nd2 Nxa3 50. Kd3 Kf5 51. Kc3 Kxf4 52. Kb2 Ke3 53. Kxa3 Kxd2 54. Kxa4 Kc3 55. Kb5 Kd4 56. Kb4 Kd3 1/2-1/2

[Event "Guwahati Sakatam op 1st"]
[Site "Guwahati"]
[Date "2024.03.26"]
[Round "7"]
[White "Balkishan, A."]
[Black "Aahil, Patra"]
[Result "1-0"]
[WhiteElo "2108"]
[BlackElo "1758"]
[PlyCount "75"]
[EventDate "2024.03.23"]
[EventType "swiss"]
[EventRounds "10"]
[EventCountry "IND"]
[SourceTitle "CBM 219 Extra"]
[Source "ChessBase"]
[SourceDate "2024.05.31"]
[SourceVersion "1"]
[SourceVersionDate "2024.05.31"]
[SourceQuality "1"]

1. d4 d5 2. c4 e6 3. Nc3 Nf6 4. Bg5 Be7 5. e3 0-0 6. Nf3 h6 7. Bf4 Nbd7 8. h3 c5 9. cxd5 exd5 10. Bd3 b6 11. 0-0 Bb7 12. Rc1 a6 13. dxc5 bxc5 14. Na4 Qa5 15. b4 Qd8 16. Nxc5 Nxc5 17. bxc5 Rc8 18. Qb3 Ba8 19. Bxa6 Rxc5 20. Nd4 Ne4 21. Qb2 Rxc1 22. Qxc1 Qa5 23. Bd3 Qxa2 24. f3 Nc5 25. Bb1 Qc4 26. Nf5 Bf6 27. Qa3 Ne6 28. Bd6 Rc8 29. Be7 Qc3 30. Qa6 Re8 31. Qa4 Nc7 32. Bxf6 Qxf6 33. Rc1 Qb2 34. Rxc7 Qxb1+ 35. Kh2 Rd8 36. Qg4 Qb2 37. Nxh6+ Kh7 38. Nxf7 1-0

[Event "Agartala Dutta Memorial 3rd"]
[Site "Agartala"]
[Date "2023.11.02"]
[Round "3"]
[White "Kumar, Gaurav"]
[Black "Aahil, Patra"]
[Result "1-0"]
[WhiteElo "1953"]
[BlackElo "1462"]
[PlyCount "135"]
[EventDate "2023.11.01"]
[EventType "swiss"]
[EventRounds "10"]
[EventCountry "IND"]
[SourceTitle "CBM 217 Extra"]
[Source "ChessBase"]
[SourceDate "2024.01.31"]
[SourceVersion "1"]
[SourceVersionDate "2024.01.31"]
[SourceQuality "1"]

1. Nf3 d5 2. g3 Bg4 3. Bg2 c6 4. c4 e6 5. 0-0 Nd7 6. d4 Bd6 7. Nbd2 Ngf6 8. b3 0-0 9. Bb2 Bxf3 10. Bxf3 e5 11. cxd5 cxd5 12. dxe5 Bxe5 13. Qb1 Qa5 14. Rd1 Rfe8 15. Nf1 Bxb2 16. Qxb2 Ne5 17. Bg2 Rad8 18. Ne3 Nc6 19. Rac1 Ne4 20. Nf5 f6 21. Bxe4 Rxe4 22. e3 Qa6 23. Rc5 Re5 24. Nh4 Qb6 25. Rc2 Qb4 26. Nf3 Qg4 27. Kg2 Qe4 28. Rxc6 bxc6 29. Rd4 Qg6 30. Nxe5 fxe5 31. Ra4 Qf6 32. Rxa7 d4 33. Qd2 d3 34. Ra4 Qf5 35. g4 Qe6 36. f3 Qd5 37. Rc4 Ra8 38. a4 h6 39. e4 Qd6 40. Rc1 c5 41. a5 Rb8 42. Qc3 Qd4 43. Qc4+ Kh7 44. Rd1 Qb2+ 45. Kg3 Qxb3 46. Qxd3 Qa4 47. Qd7 Qxa5 48. Qf5+ Kh8 49. Qxe5 Rf8 50. Qe7 Kg8 51. Qd6 Qc3 52. Qd3 Qe5+ 53. Kg2 Kh7 54. Rc1 Rb8 55. Rc2 Qe7 56. Qd5 Rd8 57. Qxc5 Qh4 58. Qf5+ Kh8 59. e5 Qe1 60. e6 Rd2+ 61. Rxd2 Qxd2+ 62. Kh3 Qe2 63. Qe4 Qf1+ 64. Kh4 Qf2+ 65. Kh5 Qd2 66. f4 Qxh2+ 67. Kg6 Qh4 68. Qa8+ 1-0